000 00865cam a22002295a 4500
001 L158243
008 14110 s198 xxk f 000 0 eng d
035 _a(Sirsi) u158243
041 0 _aeng
110 2 _aRoyal Institution of Chartered Surveyors. Scottish Branch. Planning and Development Division
_9961
245 0 0 _aSection 50 agreements
_ba guide to practitioners
260 _aEdinburgh
_bRICS
_c1981
300 _a20p., 30cm
490 0 _aPractice Note No 4 (Scotland)
520 _aProvides guidance on procedures and practice relating to planning agreements made under the Town and Country Planning (Scotland) Act 1972 s50 known as Section 50 agreements.
590 _aKA
650 2 4 _aPLANNING APPEALS
650 2 4 _aTOWN AND COUNTRY PLANNING (SCOTLAND) ACT 1972
651 4 _aScotland
690 _aPlanning and development
_96259
942 _n0
999 _c115222
_d115222